000 00765nam a2200205 a 4500
008 120416s1992 ||||||||||||||||| || u
020 _a0199632480
050 _aRB 46.7 Ele
100 _aPriestley, John V
245 1 0 _aElectron microscopic immunocytochemistry
_cedited by Julia M. Polak
246 _aprinciples and practice
260 _aOxford
_bThe University Press
_c1992
300 _axiv, 267 p. : ill.
350 _a0.00
490 _aModern methods in pathology
500 _aBibliography.
650 _aELECTRON MICROSCOPIC IMMUNOCYTOCHEMISTRY
700 _aPolak, Julia M
995 _D0.00
_FCBU-MAIN LIBRARY (Kitwe)
_H1
_I32.50
_M1
_UAVAILABLE
_WApr 11, 2007
_ZAnnex Low-Usage Collection
999 _c41518
_d41518